Széljegyzetek
Elmentve itt :
| Szerző: | |
|---|---|
| Dokumentumtípus: | Cikk |
| Megjelent: |
1939
|
| Sorozat: | Népünk és nyelvünk
11 |
| Kulcsszavak: | Nyelvtudomány |
| Online Access: | http://acta.bibl.u-szeged.hu/20071 |
| LEADER | 00532nab a2200169 i 4500 | ||
|---|---|---|---|
| 001 | acta20071 | ||
| 005 | 20210712090305.0 | ||
| 008 | 161015s1939 hu o 0|| hun d | ||
| 040 | |a SZTE Egyetemi Kiadványok Repozitórium |b hun | ||
| 041 | |a hun | ||
| 100 | 1 | |a Moór Elemér | |
| 245 | 1 | 0 | |a Széljegyzetek |h [elektronikus dokumentum] / |c Moór Elemér |
| 260 | |c 1939 | ||
| 300 | |a 52-58 | ||
| 490 | 0 | |a Népünk és nyelvünk |v 11 | |
| 695 | |a Nyelvtudomány | ||
| 856 | 4 | 0 | |u http://acta.bibl.u-szeged.hu/20071/1/nepunk_011_052-058.pdf |z Dokumentum-elérés |